000
00300nam a2200121Ia 4500
008
190216s9999||||xx |||||||||||||| ||und||
100
_a
Charles Dickens
245
0
_a
Mr Pickwick
260
_b
University Of London Press
_c
1950
300
_a
160
650
_a
English Novel-English Novel
942
_c
BK
999
_c
11671
_d
11671